000 00569nam a2200169Ia 4500
999 _c4866
_d4866
020 _a0-7619-3439-1
082 _a303.48330954 GHO-C
100 _aGhosh, Avik
245 0 _aCommunication technology and human development: recent experiences in the Indian sector
260 _aNew Delhi
_bSage Publications
_c2006
300 _a289
504 _aIncludes bibliographical references and index
650 _aCommunication
_vSocial aspects
_zIndia
650 _aCommunication and technology
_zIndia
650 _aInformation technology
_vSocial aspects
_zIndia
942 _cBK